000 00530nam a2200193Ia 4500
005 20260415160333.0
008 008 250505s9999 xx 000 0 eng d
037 _aTextual
040 _aFEDL
_beng
_cFEDL
041 _aeng
_2eng
084 _a155.45 WHI
_qFEDL
100 _aWhite Evelyn
_9755733
245 0 _aEternal child
260 _aLondon, UK
_bChapman and Hall Limited
_c1946
300 _a79p.
650 _aChild Psychology
942 _cTEXL
_h155.45 WHI
999 _c1321814
_d1321814